المسؤولية الاجتماعية وأخلاقيات الأعمال : (الأعمال و المجتمع) / (رقم التسجيلة. 113402)
[ عرض عادي ]
| 000 -LEADER | |
|---|---|
| fixed length control field | 00876nam a22002417a 4500 |
| 005 - DATE AND TIME OF LATEST TRANSACTION | |
| control field | 20251108174614.0 |
| 008 - FIXED-LENGTH DATA ELEMENTS--GENERAL INFORMATION | |
| fixed length control field | 250721s2008 xx 000 0 ara d |
| 020 ## - INTERNATIONAL STANDARD BOOK NUMBER | |
| International Standard Book Number | 995711610x |
| 082 14 - DEWEY DECIMAL CLASSIFICATION NUMBER | |
| Classification number | 174.4/غال |
| 100 1# - MAIN ENTRY--PERSONAL NAME | |
| Personal name | الغالبي، طاهر محسن منصور |
| Relator term | مؤلف |
| 245 10 - TITLE STATEMENT | |
| Title | المسؤولية الاجتماعية وأخلاقيات الأعمال : (الأعمال و المجتمع) / |
| 246 11 - VARYING FORM OF TITLE | |
| Title proper/short title | social responsibilty and business ethic ( business and socitey) |
| 250 ## - EDITION STATEMENT | |
| Edition statement | ط.2. |
| 264 1# - PRODUCTION, PUBLICATION, DISTRIBUTION, MANUFACTURE, AND COPYRIGHT NOTICE | |
| Place of production, publication, distribution, manufacture | عمان : |
| Name of producer, publisher, distributor, manufacturer | دار وائل للنشر والتوزيع، |
| Date of production, publication, distribution, manufacture, or copyright notice | 2008. |
| 300 ## - PHYSICAL DESCRIPTION | |
| Extent | 467 ص. |
| 650 17 - SUBJECT ADDED ENTRY--TOPICAL TERM | |
| Topical term or geographic name as entry element | المهن |
| 650 17 - SUBJECT ADDED ENTRY--TOPICAL TERM | |
| Topical term or geographic name as entry element | آداب المهن |
| 650 17 - SUBJECT ADDED ENTRY--TOPICAL TERM | |
| Topical term or geographic name as entry element | اداره الاعمال |
| 650 17 - SUBJECT ADDED ENTRY--TOPICAL TERM | |
| Topical term or geographic name as entry element | الآداب الاجتماعيه |
| 700 1# - ADDED ENTRY--PERSONAL NAME | |
| Personal name | العامري، صالح مهدي محسن |
| Relator term | مؤلف |
| 942 ## - ADDED ENTRY ELEMENTS (KOHA) | |
| Source of classification or shelving scheme | Dewey Decimal Classification |
| Koha item type | كتب |
| حالة السحب | حالة الفقدان | مصدر التصنيف | حالة التلف | غير قابل للإعارة | المكتبة الرئيسية | المكتبة الحالية | موقع الرف | تاريخ التزويد | الرقم المتسلسل | Total Checkouts | رقم الإستدعاء | تاريخ آخر ظهور | تاريخ الفاتورة | نوع المادة (كوها) | الباركود |
|---|---|---|---|---|---|---|---|---|---|---|---|---|---|---|---|
| Dewey Decimal Classification | المكتبة المركزية | المكتبة المركزية | مقتنيات قسم التزويد | 28/07/2025 | 1204679 | 174.4/غال | 28/07/2025 | 28/07/2025 | كتب | ||||||
| Dewey Decimal Classification | المكتبة المركزية | المكتبة المركزية | مقتنيات قسم التزويد | 28/07/2025 | 1204680 | 174.4/غال | 28/07/2025 | 28/07/2025 | كتب | ||||||
| Dewey Decimal Classification | المكتبة المركزية | المكتبة المركزية | الإعارة | 07/08/2008 | 1204696 | 174.4/غال | 28/07/2025 | 07/08/2008 | كتب | PLD00033662 | |||||
| Dewey Decimal Classification | مكتبة أبو علندا العامة | مكتبة أبو علندا العامة | الإعارة | 07/08/2008 | 1204689 | 174.4/غال | 28/07/2025 | 07/08/2008 | كتب | PLD00033655 | |||||
| Dewey Decimal Classification | مكتبة أم قصير والمقابلين العامة | مكتبة أم قصير والمقابلين العامة | الإعارة | 07/08/2008 | 1204688 | 174.4/غال | 28/07/2025 | 07/08/2008 | كتب | PLD00033654 | |||||
| Dewey Decimal Classification | مكتبة الأميرة ايمان العامة | مكتبة الأميرة ايمان العامة | الإعارة | 07/08/2008 | 1204681 | 174.4/غال | 28/07/2025 | 07/08/2008 | كتب | PLD00033647 | |||||
| Dewey Decimal Classification | مكتبة الجويدة | مكتبة الجويدة | الإعارة | 07/08/2008 | 1204685 | 174.4/غال | 28/07/2025 | 07/08/2008 | كتب | PLD00033651 | |||||
| Dewey Decimal Classification | مكتبة النصر العامة | مكتبة النصر العامة | الإعارة | 07/08/2008 | 1204691 | 174.4/غال | 28/07/2025 | 07/08/2008 | كتب | PLD00033657 | |||||
| Dewey Decimal Classification | مكتبة حمزة العامة | مكتبة حمزة العامة | الإعارة | 07/08/2008 | 1204686 | 174.4/غال | 28/07/2025 | 07/08/2008 | كتب | PLD00033652 | |||||
| Dewey Decimal Classification | مكتبة صويلح العامة | مكتبة صويلح العامة | الإعارة | 07/08/2008 | 1204682 | 174.4/غال | 28/07/2025 | 07/08/2008 | كتب | PLD00033648 | |||||
| Dewey Decimal Classification | مكتبة وادي السير العامة | مكتبة وادي السير العامة | الإعارة | 07/08/2008 | 1204690 | 174.4/غال | 28/07/2025 | 07/08/2008 | كتب | PLD00033656 |